| 000 | 01030nam a22002657a 4500 | ||
|---|---|---|---|
| 005 | 20180223110922.0 | ||
| 010 | _a1617EN ENG-117154 B-663776 | ||
| 020 |
_a9788131105108 _c1395.00 |
||
| 035 | _aEN-100686 | ||
| 035 | _aB-647822-826 | ||
| 035 | _aB-663776 | ||
| 037 |
_adpl _bRHSP |
||
| 037 | _bDBAD/PUB | ||
| 082 | _a921 | ||
| 245 |
_aJ.B.Kripalani / _cedited by Shiv Gajrani [and] S. Ram |
||
| 260 |
_aNew Delhi _bCommonwealth Pub. _c2015 |
||
| 270 |
_a4831/24, Prahlad Street, Ansari Road, Darya Ganj, _bNew Delhi _e110002 |
||
| 300 |
_a344p. _c23cm(Hb) |
||
| 500 | _aIncludes index | ||
| 700 | _aGajrani, Shiv | ||
| 700 | _aRam, S. | ||
| 942 |
_2ddc _cEN _mKRI _h921 |
||
| 999 |
_c102450 _d102450 |
||